000 01573nam a2200325 c 4500
003 BLK
005 20180420221648.0
008 180408b bul|||||r ||||||| ||bul||
010 _aKNG00049406000
040 _aBLK
041 _aBUL
_cBUL
080 _aТуризмът от стопанско гледище. Политика по отношение на туризма. Икономика и организация на туризма. Вътрешен и международен туризъм. Вж и 379.8
_b338.48
_x(497.2)(094)
_z338.48(497.2)(094)
100 1 _aХаджикоцева, Младенка
_eпърви автор
_9280347
700 1 _aГеоргиев, Стилиян
_eсъавт.
_9280348
139 _aХаджикоцева, Младенка и др.
_bХ 15
245 1 0 _aТуризъм и туроператорска дейност
_bРегистрация ; категоризиране ; контрол
_cМладенка Хаджикоцева; съавт. Стилиян Георгиев.
257 _aBGR
260 София
_bНова звезда
_c2005
300 _a248 с.
_bс табл.
_c21 см
380 _a3
650 4 _aТуризъм - България - законодателни и директивни материали
_9280349
653 _aтуризъм
653 _aтуристически обекти
653 _aнормативни документи
852 _aЦб 223327
856 4 _qpdf
_u
856 4 _qpdf
_u
942 _cKNG
_n0
944 _aCR
_c12.04.2005
_kГеновева_Генчева
944 _aED
_c18.04.2005
_k
999 _c45609
_d45609